000 00428nam a2200181Ia 4500
003 0100
008 130303s9999 xx 000 0 und d
040 _cARRUPELIB
050 _aJC153.L87S56 1992
100 _aSimmons, A. John
245 4 _aThe Lockean theory of rights
260 _aPrinceton NJ
260 _bPrinceton UP
260 _C1992
300 _a387p
650 _bPhilosophy - History - Fiction
942 0 0 _03
999 _c19635
_d19635